Streamers argentinos: adivina su nombre real - Estadísticas

Estadísticas generales
  • Esta prueba ha sido intentada 35 veces
    21 desde el último reinicio
  • La puntuación promedio es 13 de 17
Estadísticas de respuestas
Hint Respuesta % Correcto
David Quint DavooXeneize
94%
Gonzalo Banzas Goncho
94%
Manuel Merlo Mernuel
94%
Sofía Magalí Santillán Nimu
94%
Santiago Baietti Bauletti
89%
Lautaro Del Campo La Cobra
89%
Bruno Kruszyn Brunenger
83%
Martín Pérez Disalvo Coscu
83%
Gerónimo Benavides Momo
78%
Iván Raúl Buhajeruk Spreen
78%
Lautaro Moschini Moski
72%
Ignacio Andrés Aquino Nachoide
61%
Tomás Arbillaga Robleis
61%
Mauro Román Monzón Lit Killah
56%
Juan Facundo Almenara Ordóñez del Corazón de Jesús Luck Ra
56%
Federico Cristalino zEkO
56%
Héctor Lin Bananirou
50%
No se encontraron pruebas coincidentes
Distribución de puntuación
Porcentaje de gente con cada puntuación
Porcentaje por número respondido
Historial de tus puntuaciones
No has intentado esta prueba desde el último reinicio